000
00272nam a2200097Ia 4500
008
120527s9999 xx 000 0 und d
100
_a
ISRAEL, H.Stalnley
245
_a
Seasonal contributions of draugt animals to activities in small scale em
260
_b
DFID
942
_c
BK
999
_c
25135
_d
25135